| 000 | 01827nam a2200313 4500 | ||
|---|---|---|---|
| 001 | 0000100124 | ||
| 005 | 20250329165434.0 | ||
| 008 | 190730s2019 000 0 eng d | ||
| 040 |
_aCO-CtgCURN _bspa _ccoctgcurn |
||
| 041 | 0 | _aspa | |
| 082 | 0 |
_aENF2019 _bA748 |
|
| 100 | 1 | _aArnedo Vargas, Orley. | |
| 245 | 1 | 0 |
_aVivencias del adulto mayor frente al abandono de los familiares en dos hogares geriatricos de la ciudad de cartagena 2019. / _cOrley Arnedo Vargas; Kelly Johana Hernandez Montoya; Kelly Patricia Puerta Rodrguez; Luis Alberto Gonzlez Crawford; Directora Zoraida Barrios Puerta. |
| 260 |
_aCartagena de Indias : _bCorporación Universitaria Rafael Núñez, _c2019. |
||
| 300 | _a135 Hojas. | ||
| 336 |
_2rdacontent _atext _btxt |
||
| 337 |
_2rdacarrier _asin mediacion _bn |
||
| 338 |
_2rdacarrier _avolumen _bnc |
||
| 502 | _aTrabajo de grado (Enfermeria). Corporacion Universitaria Rafael Nuñez. Facultad de Ciencias de la salud. Enfermeria, 2019. | ||
| 520 | _a"La enfermedad renal crónica es un problema de salud pública importante. Dentro de los tratamientos existentes se encuentra la hemodiliasis, a pesar de sus beneficios en la sustitución de la función renal, la evidencia apunta a que conlleva a afectaciones sobre la calidad de vida del paciente" | ||
| 650 | 0 |
_aEnfermeria _vTesis y disertaciones academicas. |
|
| 700 | 1 | _aHernandez Montoya, Kelly Johana. | |
| 700 | 1 | _aPuerta Rodríguez, Kelly Patricia. | |
| 700 | 1 | _aGonzález Crawford, Luis Alberto. | |
| 700 | 1 |
_aBarrios Puerta, Zoraida, _eAsesor. |
|
| 856 |
_uhttps://unicurn.sharepoint.com/:b:/s/biblioteca/Ed_slN7gUAZIiYinB1dKfSgBvaz4z4xfTDHBLICyS6Ma6w?e=nHqTjj _zClick aqui para ver el recurso en texto completo |
||
| 942 |
_cTG _hENF 2019 _iA748 |
||
| 999 |
_c4016 _d4016 |
||